000 00322 a2200157 4500
001 161561
020 _a
040 _cMagnum
100 _aBatista, Zizinha
240 1 0 _aSaci-perere/xodo
_lpor
245 1 0 _aSaci-perere/xodo
362 0 _a1899
440 1 _aDo Brasil
697 _aI/LENDAS, FOLCLORE
942 _cBK
999 _c161561
_d161561